| 000 | 00807nam a2200241Ia 4500 | ||
|---|---|---|---|
| 003 | OSt | ||
| 005 | 20220923222229.0 | ||
| 006 | a|||||r|||| 00| 0 | ||
| 007 | ta | ||
| 008 | Pun | ||
| 024 | _a203,869 | ||
| 037 | _cTextual | ||
| 040 |
_aARTS _cARTS _bPun |
||
| 041 |
_2Pun _aPun |
||
| 082 | _aQ8441:332xK66, 152K7 | ||
| 100 | _aगोयल, जयभगवान, अनु. | ||
| 245 | 0 | _aजंगनामा गुरु गोविन्द सिंह | |
| 246 | _aJanganāmā guru govinda sianha | ||
| 260 |
_aचंडीगड़ _b पंजाब विश्वविद्यालय _c1967 |
||
| 650 | _aधर्मशास्त्र | ||
| 942 |
_hQ8441:332xK66, 152K7 _cTEXL _2CC |
||
| 999 |
_c354619 _d354619 |
||